[Event "35th Open"]
[Site "Trinec CZE"]
[Date "2002.12.29"]
[Round "2"]
[White "Frolik,M"]
[Black "Zawadzki,S"]
[Result "0-1"]
[WhiteElo "2261"]
[BlackElo "2378"]

1.d4 d5 2.c4 c6 3.Nf3 Nf6 4.Nc3 dxc4 5.a4 Bf5 6.e3 e6 7.Bxc4 Bb4 8.O-O Nbd7
9.h3 O-O 10.Nh4 Qe7 11.Qf3 Bg6 12.Nxg6 hxg6 13.Ne4 e5 14.Ng5 a5 15.Rd1 Rad8
16.Qg3 Nb6 17.Bb3 exd4 18.exd4 Nbd5 19.Qh4 Qe2 20.Bf4 Nxf4 21.Qxf4 Nd5 22.Qh4 Qh5
23.Nf3 Rfe8 24.Qxh5 gxh5 25.Ne5 Re7 26.Kf1 g6 27.Rac1 Kg7 28.Nd3 Bd6 29.Re1 Rxe1+
30.Rxe1 Kf6 31.Ke2 Nc7 32.Kf3 Ne6 33.Bxe6 fxe6 34.Ke4 Bc7 35.Rc1 Bb6 36.Nc5 Ba7
37.Rc4 b5 38.Rc1 Rd5 39.f4 h4 40.b3 Bxc5 41.dxc5 b4 42.Ke3 Kf5 43.Re1 e5
44.Rf1 e4 45.Rb1 Rxc5 46.Kd4 Rc3 47.Re1 Rxb3 48.Kc5 Rc3+ 49.Kb6 b3 50.Rb1 e3
51.Kxa5 e2 52.Kb4 Rd3 53.Re1 b2  0-1

[Event "11th Donau Open"]
[Site "Aschach AUT"]
[Date "2002.12.30"]
[Round "6"]
[White "Bogdanov,Val"]
[Black "Sandhoefner,F"]
[Result "1/2-1/2"]
[WhiteElo "2403"]
[BlackElo "2259"]

1.d4 d5 2.c4 c6 3.Nc3 Nf6 4.Nf3 dxc4 5.a4 Bf5 6.e3 e6 7.Bxc4 Bb4 8.O-O O-O
9.Qb3 Qe7 10.Bd2 a5 11.Rfe1 Bg6 12.Ne5 Nbd7 13.Nxg6 hxg6 14.Qc2 Rfd8 15.Red1 Kf8
16.Be1 e5 17.dxe5 Nxe5 18.Be2 Ned7 19.h3 Nc5 20.Rac1 Rxd1 21.Rxd1 Rd8 22.Rxd8+ Qxd8
23.Kf1 Qe7 24.Qd1 Qd7 25.Qc2 Qe7 26.Qd1 Qd7 27.Qc2  1/2-1/2

[Event "TCh-NOR Qualifier"]
[Site "NOR"]
[Date "2002.??.??"]
[Round "9"]
[White "Sorgjerd,J"]
[Black "Hole,O"]
[Result "1/2-1/2"]
[WhiteElo "2147"]
[BlackElo "2248"]

1.d4 d5 2.c4 c6 3.Nf3 Nf6 4.Nc3 dxc4 5.a4 Bf5 6.e3 e6 7.Bxc4 Bb4 8.O-O O-O
9.Qb3 Qe7 10.Nh4 Bg6 11.f3 a5 12.Nxg6 hxg6 13.e4 e5 14.Be3 Nbd7 15.d5 Rad8
16.Qc2 Bc5 17.Qf2 Bxe3 18.Qxe3 Qb4 19.Ba2 Nb6 20.Rfd1 cxd5 21.Bxd5 Nfxd5
22.Nxd5 Nxd5 23.exd5 Qxb2 24.Rab1 Qc2 25.Qxe5 Rfe8 26.Qb2 Qxa4 27.Qxb7 Qc2
28.Rbc1 Qe2 29.Qb6 Rc8 30.Qd4 Rxc1 31.Rxc1 Qe3+ 32.Qxe3 Rxe3 33.Ra1 Rd3 34.Rxa5 Kf8
35.h3 Rd2 36.Kh2 Ke7 37.h4 Kf6 38.Kh3 Rd4 39.g4 Ke5 40.Ra7 Rf4 41.Kg3 Rf6
42.Rd7 Kd4 43.Kf2 Rf4 44.d6 Kd5 45.Rd8 Ke6 46.Rg8 Kxd6 47.Rxg7 Ke7 48.Rg8 Ra4
49.Kg3 Ra5 50.Rh8 Kf6 51.g5+ Kg7 52.Rb8 Ra1 53.Rb2 Ra4 54.Rf2 Ra3 55.Kg4 Ra4+
56.f4 Rb4 57.h5 gxh5+ 58.Kxh5 Rb1  1/2-1/2

[Event "38th Junior"]
[Site "Hallsberg SWE"]
[Date "2003.01.02"]
[Round "6"]
[White "Palo,D"]
[Black "Gajewski,G"]
[Result "1/2-1/2"]
[WhiteElo "2489"]
[BlackElo "2436"]

1.d4 d5 2.Nf3 Nf6 3.c4 c6 4.Nc3 dxc4 5.a4 Bf5 6.e3 e6 7.Bxc4 Bb4 8.O-O Nbd7
9.Qe2 O-O 10.e4 Bg6 11.Bd3 Bh5 12.h3 Bxf3 13.Qxf3 e5 14.Be3 Nc5  1/2-1/2

[Event "Australian Open"]
[Site "Penrith AUS"]
[Date "2003.01.04"]
[Round "5"]
[White "Safarian,A"]
[Black "Hamilton,D"]
[Result "1/2-1/2"]
[WhiteElo "2058"]
[BlackElo "2264"]

1.d4 d5 2.c4 c6 3.Nc3 Nf6 4.Nf3 dxc4 5.a4 Bf5 6.e3 e6 7.Bxc4 Bb4 8.O-O O-O
9.Qb3 Qe7 10.Bd2 Nbd7 11.Rfe1 a5 12.e4 Bg6 13.e5 Nd5 14.Bg5 Qe8 15.Nh4 N7b6
16.Nxg6 fxg6 17.Bd3 Qf7 18.Rf1 h6 19.Bd2 Ne7 20.Ne4 Nbd5 21.Bxb4 axb4 22.Nd6 Qf4
23.Be4 h5 24.g3 Qg4 25.Qd1 Qxd1 26.Rfxd1 Ra7 27.Bc2 Rfa8 28.Ne4 b5 29.Nc5 Nb6
30.b3 Kf7 31.Rd3 Nf5 32.Rd2 bxa4 33.Nxa4 Rd8 34.Rad1 Nxa4 35.bxa4 Ne7 36.Bb3 Ra5
37.Rc1 Nf5  1/2-1/2

[Event "35th Open"]
[Site "Trinec CZE"]
[Date "2003.01.04"]
[Round "9"]
[White "Michenka,J"]
[Black "Kolesar,Mil"]
[Result "0-1"]
[WhiteElo "2346"]
[BlackElo "2245"]

1.d4 d5 2.c4 c6 3.Nc3 Nf6 4.Nf3 dxc4 5.a4 Bf5 6.e3 e6 7.Bxc4 Bb4 8.O-O Nbd7
9.Nh4 Bg6 10.Qb3 a5 11.Na2 Bd6 12.h3 Qb6 13.Nxg6 Qxb3 14.Bxb3 hxg6 15.Nc3 O-O
16.Rd1 Bb4 17.f3 Rfd8 18.Bd2 e5 19.Be1 exd4 20.exd4 Nb6 21.Bf2 Rd7 22.Na2 Be7
23.Nc1 Nfd5 24.Nd3 Bf6 25.Ne5 Re7 26.Re1 Rae8 27.Bg3 Bg5 28.f4 Bxf4 29.Bxf4 Nxf4
30.Bxf7+ Rxf7 31.Nxf7 Kxf7 32.Rf1 g5 33.g3 Re4 34.gxf4 gxf4 35.Rfd1 g5 36.Rd3 Nd5
37.Rad1 Ke6 38.Kf2 Nb4 39.R3d2 Nd5 40.Re2 Ne3 41.Kf3 Kf5 42.Rd3 Re6 43.Rb3 Rh6
44.Rh2 Nf1 45.Rxb7 Nxh2+ 46.Kg2 Ng4 47.hxg4+ Kxg4 48.Ra7 Rd6 49.Rxa5 Rxd4
50.Rc5 Rd2+ 51.Kf1 Rxb2 52.Rxc6 f3 53.Rc5 Kf4 54.a5 g4  0-1

[Event "5th It"]
[Site "Ramat-Aviv ISR"]
[Date "2003.01.06"]
[Round "11"]
[White "Nisman,B"]
[Black "Rapoport,I"]
[Result "1/2-1/2"]
[WhiteElo "2393"]
[BlackElo "2301"]

1.d4 d5 2.c4 c6 3.Nf3 Nf6 4.Nc3 dxc4 5.a4 Bf5 6.e3 e6 7.Bxc4 Bb4 8.O-O Nbd7
9.Qe2 Bg6 10.e4 O-O 11.Bd3 Re8 12.Bf4 Bh5 13.e5 Nd5 14.Nxd5 cxd5 15.h3 a6
16.Rfc1 Nb8 17.g4 Bg6 18.Bxg6 fxg6 19.Bd2 Be7 20.Kg2 Nc6 21.Qe3 Rf8 22.a5 Qd7
23.Ne1 Rf7 24.Nd3 Raf8  1/2-1/2

[Event "Troll Masters"]
[Site "Gausdal NOR"]
[Date "2003.01.07"]
[Round "1"]
[White "Ovsejevitsch,S"]
[Black "Astengo,C"]
[Result "1/2-1/2"]
[WhiteElo "2517"]
[BlackElo "2172"]

1.d4 d5 2.c4 c6 3.Nf3 Nf6 4.Nc3 dxc4 5.a4 Bf5 6.e3 e6 7.Bxc4 Bb4 8.O-O O-O
9.Qe2 Bg6 10.Ne5 Nbd7 11.Nxg6 hxg6 12.Na2 Bd6 13.e4 e5 14.f4 exd4 15.e5 Bc5
16.Qd3 Nd5 17.Bxd5 cxd5 18.b4 Be7 19.Qxd4 a5 20.Kh1 axb4 21.Nxb4 Nc5 22.Qxd5 Nxa4
23.Qxb7 Rb8 24.Nc6 Rxb7 25.Nxd8 Rxd8 26.Rxa4 Rb1 27.Rc4 Ra8 28.Rg1 Ra2 29.Be3 Rbb2
30.Rc8+ Kh7 31.Rc7 Re2 32.Ba7 Bb4 33.Rxf7 Re4 34.Rd7 Rxf4 35.Rd4 g5 36.Rxf4 gxf4
37.Bd4 Re2 38.g3 Re4 39.Rd1 f3 40.Bf2 Rxe5 41.Rd3 Rf5 42.h4 g5 43.hxg5 Kg6
44.Kh2 Kxg5 45.Kh3 Kg6 46.Kh2 Kg5 47.Kh3  1/2-1/2

[Event "TCh-CZE 2002-3"]
[Site "Czech Rep CZE"]
[Date "2003.01.18"]
[Round "5"]
[White "Garlik,M"]
[Black "Zilka,S"]
[Result "1/2-1/2"]
[WhiteElo "2086"]
[BlackElo "2343"]

1.d4 d5 2.c4 c6 3.Nf3 Nf6 4.Nc3 dxc4 5.a4 Bf5 6.e3 e6 7.Bxc4 Bb4 8.O-O O-O
9.Qe2 Nbd7 10.e4 Bg6 11.Bd3 Qa5 12.Bf4 Rfe8 13.h3 Rac8 14.Na2 Bf8 15.b4 Qd8
16.Rab1 h6 17.a5 Nh7 18.Qe3 f6 19.Rfd1 Ng5 20.Nc3 Qe7 21.Bxg5 fxg5 22.e5 Bxd3
23.Qxd3 a6 24.Ne4 Qd8 25.Qb3 Rc7 26.Nfd2 Nb8 27.Nc4 Qd5 28.Nc3 Qd8 29.Ne4 Qd5
30.Nc3 Qd8 31.Ne4  1/2-1/2

[Event "Tch-SWE 2002-3"]
[Site "Sweden SWE"]
[Date "2003.01.18"]
[Round "6"]
[White "Vernersson,P"]
[Black "Fagerstrom,B"]
[Result "1/2-1/2"]
[WhiteElo "2391"]
[BlackElo "2112"]

1.d4 d5 2.c4 c6 3.Nc3 Nf6 4.Nf3 dxc4 5.a4 Bf5 6.Ne5 Nbd7 7.Nxc4 Nb6 8.Ne5 e6
9.f3 Be7 10.e4 Bg6 11.a5 Nbd7 12.a6 Qc8 13.axb7 Qxb7 14.Ba6 Qc7 15.Bf4 Nxe5
16.Bxe5 Qb6 17.Qd2 O-O 18.O-O c5 19.d5 exd5 20.Nxd5 Nxd5 21.Qxd5 Rfd8 22.Qb7 Bd6
23.Qxb6 axb6 24.Bxd6 Rxd6 25.Bb7 Rxa1 26.Rxa1 Kf8 27.Bd5 Ke7 28.g4 f6 29.Kf2 Be8
30.Ke3 Rd8 31.Ra7+ Rd7 32.Ra6 Rd6 33.h4 h6 34.Kf4 Bb5 35.Ra7+ Rd7 36.Ra3 Rd6
37.Kf5 Be8 38.h5 b5 39.Ra7+ Rd7 40.Ra8 Rc7 41.e5 fxe5 42.Kxe5 c4 43.Kd4 Kf8
44.Kc3 Ke7 45.Kb4 Kf8 46.Rb8 Ke7 47.Bb7 c3 48.bxc3 Rc4+ 49.Kb3 Bf7 50.Kc2 b4
51.Be4 Rxc3+ 52.Kd2 Rc5 53.Rxb4 Ra5 54.Ke3 Rc5 55.Rb7+ Kf6 56.Kf4 Ra5 57.Rb6+ Ke7
58.Rc6 Ra7 59.Rc5 Kf6 60.Bd5 Ra4+ 61.Kg3 Bxd5 62.Rxd5 Rb4 63.Rf5+ Ke6 64.Rf4 Rb5
65.Re4+ Kf6 66.Kf4 Ra5 67.Rc4 Ra6 68.Rb4 Rc6 69.Ke4 Re6+ 70.Kd3 Rd6+ 71.Rd4 Ra6
72.f4 Rb6 73.Ke4 Re6+ 74.Kd5 Re1 75.Rc4 Rg1 76.Rc6+ Kf7 77.Rg6 Re1 78.Kd4 Re2
79.Kd3 Re1 80.f5 Ra1 81.Ke3 Ra3+ 82.Kf2 Ra2+ 83.Kg3 Ra3+ 84.Kh4 Rf3 85.Re6 Kf8
86.Re2 Kf7 87.Rg2 Kf6 88.Rg3 Rf1 89.Rh3 Rg1 90.Rh2 Ra1 91.Re2 Ra3 92.Rh2 Ra1
93.Rh3 Rg1 94.Rd3 Rg2 95.Rd6+ Kf7 96.Kh3 Rg1 97.Re6 Ra1 98.Kg3 Ra4 99.Kf3 Ra3+
100.Kf4 Ra1 101.Re4 Kf6 102.Re6+ Kf7 103.Rd6 Ra4+ 104.Kf3 Ra3+ 105.Ke4 Ra4+
106.Rd4 Ra5 107.Rc4 Kf6 108.Rc6+ Kf7  1/2-1/2

[Event "Kaissa Open"]
[Site "Kharkov UKR"]
[Date "2003.01.27"]
[Round "6"]
[White "Makarov,V MDA"]
[Black "Ivanov,O UKR"]
[Result "1/2-1/2"]
[WhiteElo "2278"]
[BlackElo "2474"]

1.d4 d5 2.c4 c6 3.Nf3 Nf6 4.Nc3 dxc4 5.a4 Bf5 6.Ne5 Nbd7 7.Nxc4 Qc7 8.g3 e5
9.dxe5 Nxe5 10.Bf4 Nfd7 11.Bg2 g5 12.Nxe5 gxf4 13.Nxd7 O-O-O 14.Qd4 Qxd7
15.Qxh8 Qd2+ 16.Kf1 Qxb2 17.Re1 Bb4 18.Qf6 Qc2 19.Ne4 Be6  1/2-1/2

[Event "National I"]
[Site "Montpellier FRA"]
[Date "2003.01.31"]
[Round "1"]
[White "Banikas,H"]
[Black "Sermier,G"]
[Result "1/2-1/2"]
[WhiteElo "2515"]
[BlackElo "2379"]

1.d4 d5 2.c4 c6 3.Nf3 Nf6 4.Nc3 dxc4 5.a4 Bf5 6.Ne5 e6 7.f3 Nbd7 8.e4 Bg6
9.Nxc4 Be7 10.Be2 b6 11.O-O a6 12.Ne3 O-O 13.b3 Qb8 14.e5 Nd5 15.Ncxd5 cxd5
16.f4 Be4 17.f5 Nxe5 18.dxe5 Qxe5 19.Ra2 exf5 20.Bb2 Qe6 21.Nc2 Qh6 22.Bc1 Bc5+
23.Kh1 Qf6 24.Bf3 Rfd8 25.Bb2 Qh6 26.Qc1 Qxc1 27.Rxc1 Rac8 28.Raa1 Bf2 29.Nd4 Be3
30.Rc6 Bxd4 31.Rxc8 Rxc8 32.Bxd4 Rc6 33.Be2 a5 34.Bb5 Rc2 35.Bf1 Rc6 36.Be3 Rc3
37.Bxb6 Rxb3 38.Bxa5 d4 39.Be1 d3 40.a5 Rb2 41.a6 h6 42.a7 d2 43.Bxd2 Rxd2
44.a8=Q+ Bxa8 45.Rxa8+ Kh7 46.Ra7 Kg8 47.Rc7 Rd6 48.Kg1 f4 49.Bc4 Rf6 50.Kf2 g6
51.Kf3 Kg7 52.Bb3 Rf5 53.Rb7 Rf6 54.Rb4 g5 55.Rb7 h5 56.h3 Kg6 57.Ra7 Kg7
58.Bc4 Kg6 59.Ra6 Rxa6 60.Bxa6 Kf5 61.Bc8+ Ke5 62.h4 gxh4 63.Bh3 f5 64.Ke2 Ke6
65.Kd2 Kf6 66.Kc3 Ke5 67.Kd3 Kf6 68.Kd4  1/2-1/2

[Event "National I"]
[Site "Bischwiller FRA"]
[Date "2003.02.02"]
[Round "3"]
[White "Mohebbi,J"]
[Black "Taddei,B"]
[Result "1/2-1/2"]
[WhiteElo "2291"]
[BlackElo "2320"]

1.d4 d5 2.Nf3 Nf6 3.c4 c6 4.Nc3 dxc4 5.a4 Bf5 6.e3 e6 7.Bxc4 Bb4 8.O-O O-O
9.h3 Nbd7 10.Nh4 Ne4 11.Nxf5 exf5 12.Qf3 Nd6 13.Bd3 g6 14.Na2 Ba5 15.b4 Bc7
16.Nc3 Qh4 17.b5 c5 18.Nd5 Bd8 19.Ba3 Rc8 20.Rac1 b6 21.Rc2 Re8 22.Rfc1 Ne4
23.Qf4 Qxf4 24.Nxf4 Bc7 25.Bxe4 Rxe4 26.Nd5 Bd6 27.f3 Re6 28.Kf2 Rd8 29.Bb2 Kf8
30.g3 h6 31.Nf4 Ree8 32.Nd3 Re6 33.Nf4 Ree8 34.Ba3 Be7 35.Nd5 Bd6 36.a5 Rb8
37.a6 Rbd8 38.h4 h5 39.Re2 Re6 40.Nf4 Ree8 41.Nd3 Rc8 42.Rec2 Rc7 43.dxc5 Rec8
44.Ke2 Nxc5 45.Nxc5 bxc5 46.Rd1 Ke7 47.Rd5 Ke6 48.e4 fxe4 49.fxe4 f5 50.Rcd2 Bxg3
51.Kf3 Bxh4 52.exf5+ gxf5 53.Rd6+ Kf7 54.R2d5 Be7 55.Rxf5+ Ke8 56.Re6 h4
57.Rfe5 Kf7 58.Rh6 Kg7 59.Rhe6 Kf7 60.Rh6 Kg7 61.Rhe6  1/2-1/2

[Event "National I"]
[Site "Drancy FRA"]
[Date "2003.02.02"]
[Round "3"]
[White "Karr,JP"]
[Black "Renet,O"]
[Result "0-1"]
[WhiteElo "2376"]
[BlackElo "2497"]

1.d4 Nf6 2.c4 c6 3.Nc3 d5 4.Nf3 dxc4 5.a4 Bf5 6.e3 e6 7.Bxc4 Bb4 8.O-O O-O
9.Nh4 Nbd7 10.Nxf5 exf5 11.Qe2 g6 12.f3 Rc8 13.Qf2 c5 14.Ba2 Qb6 15.Kh1 cxd4
16.exd4 Rfe8 17.Bd2 a6 18.Rad1 Bf8 19.Bc1 Qb4 20.g4 Qa5 21.d5 Bc5 22.Qh4 Qb4
23.Bg5 Qxb2 24.Bxf6 Nxf6 25.Qxf6 Be7 26.Qd4 Bd6 27.Rd2 Qxc3 28.Qxc3 Rxc3
29.gxf5 Kg7 30.fxg6 hxg6 31.f4 Kf6 32.Rb2 Re7 33.Rb6 Rd7 34.Bb1 Rc4 35.a5 Rc5
36.Be4 Rxa5 37.f5 g5 38.Rfb1 Ra4 39.Bg2 Kxf5 40.Rf1+ Kg6 41.h3 Rb4 42.Rxb4 Bxb4
43.Be4+ Kg7 44.Kg2 Bd6 45.Kf3 Rc7 46.Kg4 Rc3 47.Kxg5 Rxh3 48.Rb1 b5 49.Rc1 a5
50.Rc6 Rh6 51.Kg4 a4 52.Bc2 a3 53.Bb3 Rf6 54.Rb6 b4 55.Rc6 Rf4+ 56.Kg5 Rf3
57.Bc4 Rc3 58.Ba2 b3 59.Bxb3 Be7+  0-1

[Event "Open"]
[Site "Portsmouth ENG"]
[Date "2003.02.21"]
[Round "1"]
[White "Crouch,C"]
[Black "Coates,K"]
[Result "1-0"]
[WhiteElo "2388"]
[BlackElo "2169"]

1.d4 Nf6 2.c4 c6 3.Nf3 d5 4.Nc3 dxc4 5.a4 Bf5 6.e3 e6 7.Bxc4 Bb4 8.O-O Nbd7
9.Qe2 Bg6 10.Rd1 Qc7 11.h3 O-O 12.Nh4 Rfe8 13.Nxg6 hxg6 14.e4 e5 15.Bxf7+ Kxf7
16.Qc4+ Re6 17.d5 Rd6 18.Qxb4 Rd8 19.Bg5 a5 20.Qc4 Nb6 21.Qb3 Kf8 22.Rdc1 R6d7
23.Nb5 Qc8 24.Na7 Qc7 25.Bxf6 gxf6 26.d6 Qxd6 27.Qxb6 Qd4 28.Qxa5 b6 29.Qa6 Ra8
30.Rxc6 Raxa7 31.Rxf6+ Kg7 32.Qxb6 Qxe4 33.Rf3 Kh7 34.a5  1-0

[Event "Open"]
[Site "Cappelle la Grande FRA"]
[Date "2003.02.22"]
[Round "1"]
[White "Lalic,B"]
[Black "Zawadzki,S"]
[Result "1/2-1/2"]
[WhiteElo "2547"]
[BlackElo "2363"]

1.d4 d5 2.c4 c6 3.Nf3 Nf6 4.Nc3 dxc4 5.a4 Bf5 6.Ne5 Nd5 7.Nxc4 e6 8.Qb3 Bb4
9.e3 c5 10.dxc5 O-O 11.Nd6 Nd7 12.Nxf5 Nxc5 13.Nh6+ gxh6 14.Qc2 Qg5 15.Bd2 Rfd8
16.Be2 Qg6 17.O-O-O Rac8 18.Qxg6+ hxg6 19.Nxd5 Bxd2+ 20.Kxd2 Rxd5+ 21.Kc2 Nxa4+
22.Kb1 Rcd8 23.Rxd5 Rxd5 24.Kc2 a6 25.b4 Nb6 26.g4 Kf8 27.Ra1 Ke7 28.b5 axb5
29.Ra7 Rd7 30.Bxb5 Rc7+ 31.Kd2 Nc8 32.Ra4 Nd6 33.Bd3 Rc5 34.f4 h5 35.h3 hxg4
36.hxg4 e5 37.g5 Ke6 38.Ra8 Kd7 39.Ra1 Kc6 40.Ra7 Kb6 41.Ra4 Kc6 42.Ra7 Rd5
43.Ke2 e4 44.Bc2 Rb5 45.Ra4 Rb2 46.Kd1 Kc5 47.Bxe4 Nc4 48.Kc1 Rb3 49.Kc2 b5
50.Kxb3 bxa4+ 51.Kxa4 Nxe3 52.Ka5 Nc4+ 53.Ka6 Nd6 54.Bb1 Kd4 55.Kb6 Ke3 56.Kc7 Nf5
57.Ba2 Kxf4 58.Bxf7 Kxg5 59.Bxg6  1/2-1/2

[Event "ch-CZE"]
[Site "Lahucovice CZE"]
[Date "2003.02.22"]
[Round "5"]
[White "Babula,V"]
[Black "Haba,P"]
[Result "1/2-1/2"]
[WhiteElo "2581"]
[BlackElo "2516"]

1.d4 d5 2.c4 c6 3.Nf3 Nf6 4.Nc3 dxc4 5.a4 Bf5 6.Ne5 e6 7.f3 Bb4 8.e4 Bxe4
9.fxe4 Nxe4 10.Bd2 Qxd4 11.Nxe4 Qxe4+ 12.Qe2 Bxd2+ 13.Kxd2 Qd5+ 14.Kc2 Na6
15.Nxc4 O-O 16.Qe5 Rab8 17.Be2 Nb4+ 18.Kb3 b5 19.Qxd5 cxd5 20.Nd6 Nc6 21.axb5 Rfd8
22.Kc3 Rxd6 23.Ra6 d4+ 24.Kd2 d3 25.Rxc6 Rxc6 26.bxc6 dxe2 27.Kxe2 Kf8 28.Kd3 Rc8
29.Ra1 Rxc6 30.Rxa7 Rb6 31.Kc3 e5 32.b4 e4 33.Kc4 Re6 34.Ra2 Ke7 35.Ra7+ Kf6
36.Kd4 Rb6 37.Kxe4 Rxb4+ 38.Kf3 h5 39.Ra6+ Kg5 40.Ra5+ f5 41.h3 g6 42.Ra6 Rb3+
43.Kf2 Rb4 44.Kf3 Rd4 45.Rb6 Rd3+ 46.Kf2 f4 47.h4+ Kf5 48.Rb5+ Ke4 49.Rg5 Rd6
50.Ke2 Ra6 51.Kf2 Ra2+ 52.Kg1 Ra1+ 53.Kf2 Ra6 54.Ke2 Rb6 55.Kf2 Rf6 56.Ke2 Rc6
57.Kf2 Rd6 58.Ke2 Rf6 59.Kf2 f3 60.gxf3+ Rxf3+ 61.Kg2 Rf6 62.Kg3 Rd6 63.Kh3 Kf4
64.Kg2 Rc6 65.Kf2 Rc2+  1/2-1/2

[Event "Open"]
[Site "Portsmouth ENG"]
[Date "2003.02.23"]
[Round "5"]
[White "Kemp,Pe"]
[Black "Sherwin,J"]
[Result "1-0"]
[WhiteElo "2192"]
[BlackElo "2323"]

1.d4 d5 2.c4 c6 3.Nf3 Nf6 4.Nc3 dxc4 5.a4 Bf5 6.e3 e6 7.Bxc4 Bb4 8.O-O Nbd7
9.Qb3 Qb6 10.e4 Bg6 11.Bxe6 fxe6 12.a5 Bxa5 13.Qxe6+ Kd8 14.e5 Re8 15.Qh3 Ng8
16.Bg5+ Ne7 17.Na4 Qb5 18.Nc5 Nxc5 19.dxc5 Qxc5 20.Rfd1+ Kc7 21.Qd7+ Kb8
22.Rxa5 Qxa5 23.Bxe7 a6 24.b4 Rxe7 25.Qxe7 Qb6 26.e6 Ka7 27.Ne5 Re8 28.Qd6 Be4
29.e7 Bf5 30.Qd8 Bc2 31.Qxe8 Bxd1 32.Nxc6+  1-0

[Event "Open"]
[Site "Cappelle la Grande FRA"]
[Date "2003.02.25"]
[Round "5"]
[White "Lalic,B"]
[Black "Balcerak,J"]
[Result "1/2-1/2"]
[WhiteElo "2547"]
[BlackElo "2411"]

1.d4 d5 2.c4 c6 3.Nf3 Nf6 4.Nc3 dxc4 5.a4 Bf5 6.Ne5 Nbd7 7.Nxc4 Nb6 8.Ne5 a5
9.f3 Nfd7 10.e4 Nxe5 11.exf5 Ned7 12.d5 cxd5 13.Nxd5 e6 14.fxe6 fxe6 15.Nxb6 Bb4+
16.Bd2 Qxb6 17.Bb5 Qe3+ 18.Kf1 Qxd2 19.Qxd2 Bxd2 20.Rd1 Bb4 21.Rxd7 O-O 22.Bc4 Rfd8
23.Bxe6+ Kf8 24.Kf2 Rxd7 25.Bxd7  1/2-1/2

[Event "ch-CZE b18+20"]
[Site "Lahucovice CZE"]
[Date "2003.02.26"]
[Round "8"]
[White "Galicek,S"]
[Black "Cervinka,M"]
[Result "0-1"]
[WhiteElo "2176"]
[BlackElo "2215"]

1.d4 d5 2.c4 c6 3.Nf3 Nf6 4.Nc3 dxc4 5.a4 Bf5 6.e3 e6 7.Bxc4 Bb4 8.O-O Nbd7
9.Qe2 Bg6 10.e4 O-O 11.Bd3 Bh5 12.e5 Nd5 13.Ne4 Be7 14.Ng3 Bg6 15.Bxg6 hxg6
16.Ne4 c5 17.Bg5 cxd4 18.Rfd1 d3 19.Qd2 Bxg5 20.Nexg5 Nc5 21.Ra3 a5 22.Ne1 Nb4
23.Qf4 f6 24.Ne4 Nd5 25.Qf3 fxe5 26.Qh3 Nxe4 27.Qxe6+ Rf7 28.Rdxd3 Qb6  0-1

[Event "ch-Serbia"]
[Site "Dimitrovgrad YUG"]
[Date "2003.02.28"]
[Round "1"]
[White "Milanovic,Da"]
[Black "Zivkovic,Mo"]
[Result "1-0"]
[WhiteElo "2429"]
[BlackElo "2089"]

1.d4 d5 2.c4 c6 3.Nf3 Nf6 4.Nc3 dxc4 5.a4 Bf5 6.Ne5 c5 7.e4 Bg6 8.Nxg6 hxg6
9.d5 e6 10.Bxc4 exd5 11.Bb5+ Nbd7 12.e5 Qe7 13.O-O Qxe5 14.Re1 Ne4 15.Rxe4  1-0

[Event "1st Breizh Masters"]
[Site "Guingamp FRA"]
[Date "2003.02.28"]
[Round "1"]
[White "Le Roux,JP"]
[Black "Velikov,P"]
[Result "1-0"]
[WhiteElo "2364"]
[BlackElo "2435"]

1.d4 d5 2.c4 c6 3.Nf3 Nf6 4.Nc3 dxc4 5.a4 Bf5 6.e3 e6 7.Bxc4 Bb4 8.O-O O-O
9.Nh4 Bg6 10.f3 Nbd7 11.Nxg6 hxg6 12.Kh1 Qe7 13.a5 b5 14.Bb3 a6 15.e4 e5
16.d5 c5 17.d6 Qd8 18.Nd5 Nxd5 19.Bxd5 Ra7 20.f4 Qe8 21.f5 gxf5 22.Rxf5 c4
23.Qg4 Nc5 24.Rg5 Kh8 25.Rh5+  1-0

[Event "X Anibal Open"]
[Site "Linares ESP"]
[Date "2003.02.28"]
[Round "1"]
[White "Pogorelov,R"]
[Black "Salgado Lopez,I"]
[Result "1-0"]
[WhiteElo "2517"]
[BlackElo "2174"]

1.Nf3 d5 2.d4 Nf6 3.c4 c6 4.Nc3 dxc4 5.a4 Bf5 6.e3 e6 7.Bxc4 Bb4 8.O-O Nbd7
9.Nh4 Bg4 10.f3 Bh5 11.g3 O-O 12.Qb3 a5 13.e4 e5 14.Be3 exd4 15.Bxd4 Nc5
16.Qd1 Nfxe4 17.Nf5 Nf6 18.g4 Bg6 19.Nxg7 Kxg7 20.g5 Nd7 21.Ne4 Be7 22.Qb3 Kg8
23.gxf6 Nxf6 24.Rad1 Nxe4 25.fxe4 Qc7 26.Qe3 Rad8 27.e5 Rxd4 28.Qxd4 b5 29.Ba2 c5
30.Qf4 c4 31.axb5 Bc5+ 32.Kg2 Qb7+ 33.Kh3 Qc8+ 34.Kg3 Be7 35.Bxc4 h5 36.h3 Kh7
37.Kh2 f6 38.e6 Rd8 39.Rg1 Bc2 40.Rd3 Qc5 41.Qg3 Bd6 42.Rxd6 Qxd6 43.Qxd6 Rxd6
44.e7 Rd2+ 45.Rg2  1-0

[Event "6th Open"]
[Site "Malaga ESP"]
[Date "2003.02.28"]
[Round "8"]
[White "Cramling,P"]
[Black "Tissir,M"]
[Result "1-0"]
[WhiteElo "2492"]
[BlackElo "2366"]

1.d4 d5 2.Nf3 Nf6 3.c4 c6 4.Nc3 dxc4 5.a4 Bf5 6.Nh4 e6 7.Nxf5 exf5 8.e3 Bb4
9.Bxc4 O-O 10.Qc2 g6 11.O-O Nbd7 12.Ba2 Qb6 13.f3 Rad8 14.Kh1 Bd6 15.Qf2 Qc7
16.Qh4 Qb6 17.a5 Qb4 18.Bd2 Qxb2 19.Qf2 Qc2 20.Bc4  1-0

[Event "Open"]
[Site "Cappelle la Grande FRA"]
[Date "2003.03.01"]
[Round "9"]
[White "Ionov,S"]
[Black "Atalik,S"]
[Result "1/2-1/2"]
[WhiteElo "2531"]
[BlackElo "2581"]

1.d4 d5 2.c4 c6 3.Nc3 Nf6 4.Nf3 dxc4 5.a4 Bf5 6.e3 e6 7.Bxc4 Bb4 8.O-O Nbd7
9.Nh4 Bg6 10.h3 Bh5 11.Qb3 a5 12.f4 Nd5 13.Nf3 N5b6 14.Be2 O-O 15.e4 Bg6
16.Qc2 f6 17.Be3 Qe7 18.Nh4 Bf7 19.Nf3 c5 20.Bb5 cxd4 21.Bxd4 e5 22.fxe5 fxe5
23.Nxe5 Nxe5 24.Bxb6 Rac8 25.Kh1 Nc4 26.Bxc4 Rxc4 27.Rf3 Qe6 28.Bg1 Rfc8
29.Raf1 Bh5 30.Rf4 h6 31.Qd3 Bxc3 32.bxc3 Rxc3 33.Qb5 Bg6 34.Qxb7 R8c4 35.Qd5 Qxd5
36.exd5 Be4 37.Kh2 Bxd5 38.Rxc4 Rxc4 39.Rf5 Bc6 40.Rc5 Rxc5 41.Bxc5 Bxa4
42.Bb6  1/2-1/2

[Event "FSGM March"]
[Site "Budapest HUN"]
[Date "2003.03.03"]
[Round "3"]
[White "Hoang Thanh Trang"]
[Black "Dembo,Y"]
[Result "1-0"]
[WhiteElo "2445"]
[BlackElo "2397"]

1.d4 d5 2.c4 c6 3.Nf3 Nf6 4.Nc3 dxc4 5.a4 Bf5 6.e3 e6 7.Bxc4 Bb4 8.O-O O-O
9.Nh4 Nbd7 10.Nxf5 exf5 11.Qc2 g6 12.Rd1 Nb6 13.Ba2 Qd6 14.f3 Rae8 15.e4 fxe4
16.fxe4 Bxc3 17.bxc3 Nxe4 18.Bh6 Nd5 19.Bxd5 cxd5 20.c4 dxc4 21.Qxc4 Rd8
22.Bxf8 Qf4 23.Ra3 Qf2+ 24.Kh1 Rxf8 25.Rf1 Qh4 26.Qc7 Nd2 27.Qf4 Qe7 28.Re3 Qd7
29.Rc1 Qf5 30.Qxf5 gxf5 31.Re7 Nb3 32.Rd1 Na5 33.d5 Rd8 34.d6 a6 35.Kg1 Kg7
36.Rd5 b6 37.Rxf5 Rxd6 38.Rfxf7+ Kg6 39.Rg7+ Kf6 40.Rxh7 Nc4 41.Rd7  1-0

[Event "FSIMA March"]
[Site "Budapest HUN"]
[Date "2003.03.10"]
[Round "10"]
[White "Alfred,N"]
[Black "Haznedaroglu,K"]
[Result "1-0"]
[WhiteElo "2250"]
[BlackElo "2283"]

1.d4 d5 2.c4 c6 3.Nf3 Nf6 4.Nc3 dxc4 5.a4 Bf5 6.e3 e6 7.Bxc4 Bb4 8.O-O O-O
9.Qe2 Bg6 10.Ne5 Nbd7 11.Nxg6 hxg6 12.Rd1 Qa5 13.Bd2 Rfe8 14.Be1 Rad8 15.Bb3 e5
16.h3 Re7 17.Bc2 Nb6 18.dxe5 Rxd1 19.Rxd1 Qxe5 20.Rd8+ Re8 21.f4 Qe7 22.Rxe8+ Nxe8
23.e4 Nc7 24.e5 Ne6 25.Qe4 Bxc3 26.bxc3 Nd5 27.f5 gxf5 28.Qxf5 g6 29.Qf2 Qg5
30.Qg3 Qxg3 31.Bxg3 Nxc3 32.Bf2 b6 33.Kf1 Kf8 34.h4 Nd5 35.g4 Kg7 36.Ke2 c5
37.Bb3 Ndc7 38.Kd3 a6 39.Ke4 b5 40.a5 g5 41.h5 c4 42.Ba2 Nf4 43.Bc5 Nce6
44.Be7 Nd3 45.Bb1 Nf2+ 46.Kf3 Nd1 47.Bb4 Nd4+ 48.Ke4 Ne2 49.Bc2 Ndc3+ 50.Kf5 Nd4+
51.Kxg5 Nd5 52.h6+ Kh8 53.Bd6 Ne6+ 54.Kh4 b4 55.Be4 c3 56.g5 b3 57.Bxd5 b2
58.Be4 Nf4 59.e6 Ng6+ 60.Bxg6  1-0

[Event "Victor Ciocaltea Mem"]
[Site "Bucharest ROM"]
[Date "2003.03.13"]
[Round "10"]
[White "Grigore,Ge"]
[Black "Ionescu,M"]
[Result "1-0"]
[WhiteElo "2482"]
[BlackElo "2414"]

1.d4 d5 2.c4 c6 3.Nf3 Nf6 4.Nc3 dxc4 5.a4 Bf5 6.Ne5 Nbd7 7.Nxc4 Qc7 8.g3 e5
9.dxe5 Nxe5 10.Bf4 Nfd7 11.Nxe5 Nxe5 12.Qd4 f6 13.a5 a6 14.Bg2 Rd8 15.Qa4 Bc5
16.O-O Ke7 17.Rac1 Rd4 18.Qxd4 Bxd4 19.Nd5+ Kd7 20.Nxc7 Kxc7 21.b4 g5 22.Bd2 Bb2
23.Rce1 Nc4 24.Bc1 Bc3 25.Bxg5 fxg5 26.Rc1 Bxb4 27.Rxc4 c5 28.Rfc1  1-0

[Event "Victor Ciocaltea Mem"]
[Site "Bucharest ROM"]
[Date "2003.03.14"]
[Round "11"]
[White "Manolache,M"]
[Black "Vajda,Al"]
[Result "1/2-1/2"]
[WhiteElo "2430"]
[BlackElo "2427"]

1.d4 d5 2.c4 c6 3.Nf3 Nf6 4.Nc3 dxc4 5.a4 Bf5 6.Nh4 Bg6 7.g3 e6 8.Bg2 Bb4
9.O-O Nbd7 10.h3 O-O 11.Bg5 Qa5 12.Qc1 Rfe8 13.Nxg6 hxg6 14.Bxf6 gxf6 15.Rd1 a6
16.Na2 Nb6 17.Nxb4 Qxb4 18.a5 Nc8 19.e4 Rd8 20.h4 c5 21.d5 e5 22.h5 Kg7 23.hxg6 fxg6
24.f4 Nd6 25.fxe5 fxe5 26.Rf1 Rf8 27.Qg5 Qxb2 28.Qe7+ Rf7 29.Rxf7+ Nxf7 30.Rf1 Qd4+
31.Rf2 Rf8 32.Qf6+ Kh7 33.Qe7 Kg7 34.Qf6+ Kh7 35.Qe7  1/2-1/2

[Event "19th Spring Fest"]
[Site "Budapest HUN"]
[Date "2003.03.14"]
[Round "1"]
[White "Somogyi,I"]
[Black "Trajber,C"]
[Result "1/2-1/2"]
[WhiteElo "2257"]
[BlackElo "2052"]

1.d4 d5 2.c4 c6 3.Nf3 Nf6 4.Nc3 dxc4 5.a4 Bf5 6.Ne5 e6 7.f3 Bb4 8.Bg5 Qa5
9.Rc1 b5 10.e4 Nxe4 11.fxe4 Bxe4 12.Bd2 Bd5 13.Qg4 g6 14.Be2 a6 15.O-O Ra7
16.Qf4 O-O 17.Qf6 Qd8 18.Bh6 Qxf6 19.Rxf6 Re8 20.Rcf1 Ree7 21.Bg4 Bxc3 22.bxc3 a5
23.Rb1 Rab7 24.Rf2 Nd7 25.Nf3 f5 26.Bh3 b4 27.cxb4 axb4 28.Bd2 b3 29.Bc3 Be4
30.Ra1 Nb6 31.Rb2 Nd5 32.Rc1 Bc2 33.Rbxc2 bxc2 34.Rxc2 Rb3 35.Be1 c3 36.g3 Ra7
37.Bg2 Rxa4 38.Ne5 Ra1 39.Nd3 Kf7 40.Kf2 Ke7 41.Bxd5 cxd5 42.Bxc3 Rd1 43.Ke2 Rh1
44.Ke3 g5 45.Bb4+ Kf6 46.Bd6 Rd1 47.Be5+ Kg6 48.Rd2 Rxd2 49.Kxd2 Ra3 50.h4 gxh4
51.gxh4 Ra1 52.Nf4+ Kf7 53.h5 Ra2+ 54.Ke3 Ra3+ 55.Kf2 Rb3 56.Kg2 Re3 57.Kf2 Rc3
58.Kg2 Rb3 59.Kf2  1/2-1/2